S. Chand's ICSE Biology; (Record no. 207132)
[ view plain ]
| 000 -LEADER | |
|---|---|
| fixed length control field | 00586 a2200193 4500 |
| 005 - DATE AND TIME OF LATEST TRANSACTION | |
| control field | 20241128163637.0 |
| 010 ## - LCCN (DPL NO) | |
| LC control number | B-761284 |
| 020 ## - INTERNATIONAL STANDARD BOOK NUMBER | |
| International Standard Book Number | 9789364686846 |
| Terms of availability | 570.00 |
| 035 ## - SYSTEM CONTROL NUMBER | |
| System control number | B-761284 |
| 037 ## - SOURCE OF ACQUISITION | |
| Source of stock number/acquisition | Gift/28.11.24 |
| 082 ## - DEWEY DECIMAL CLASSIFICATION NUMBER | |
| Classification number | 574 |
| 100 ## - MAIN ENTRY--PERSONAL NAME | |
| Personal name | Aggarwal, Sarita |
| 245 ## - TITLE STATEMENT | |
| Title | S. Chand's ICSE Biology; |
| Remainder of title | Asper 2027 Syllabus for Class IX Book 1/ |
| Statement of responsibility, etc | Sarita Aggarwal |
| 260 ## - PUBLICATION, DISTRIBUTION, ETC. (IMPRINT) | |
| Place of publication, distribution, etc | U.P. |
| Name of publisher, distributor, etc | S. Chand's |
| Date of publication, distribution, etc | 2025 |
| 270 ## - ADDRESS | |
| Address | U. P. |
| 300 ## - PHYSICAL DESCRIPTION | |
| Extent | 282 p. |
| Dimensions | 25cm (Pb) |
| 942 ## - ADDED ENTRY ELEMENTS (KOHA) | |
| Institution code [OBSOLETE] | dpl |
| Item type | Children Books |
| Source of classification or shelving scheme | Dewey Decimal Classification |
| Classification part | 574 |
| Call number suffix | AGG |
| Withdrawn status | Lost status | Not for loan | Collection code | Home library | Current library | Date acquired | Source of acquisition | Cost, normal purchase price | Full call number | Barcode | Copy number | Cost, replacement price | Koha item type | Public note |
|---|---|---|---|---|---|---|---|---|---|---|---|---|---|---|
| Non-fiction | Ashok Vihar | Ashok Vihar | 28/11/2024 | Gift/28.11.24 | 570.00 | 574 AGG | B-761284 | 1 | 570.00 | Children Books | Gift |
